Sports Quiz

Random Sports or WWE Quiz

WWE superstars by submission finisher Quiz Stats

 Plays Quiz not verified by Sporcle

Score 0/32 Timer 10:00
0 Plays Today
Hint Submission % Correct
Bret HartSharpshooter
93.7%
Owen HartSharpshooter
93.7%
Shawn MichaelsSharpshooter
93.7%
The RockSharpshooter
93.7%
CesaroSharpshooter
93.7%
Tyson KiddSharpshooter
93.7%
Chris JerichoLiontamer
89.5%
John CenaSTF
83.9%
The UndertakerHell's Gate
77.6%
Kurt AngleAnkle Lock
76.2%
Daniel BryanYes Lock
75.5%
The MizFigure Four Leg Lock
72%
Ric FlairFigure Four Leg Lock
72%
RusevAccolade
71.3%
Alberto Del RioCross Armbar
71.3%
Brock LesnarKimura Lock
70.6%
Hint Submission % Correct
CM PunkAnaconda Vice
66.4%
Dean MalenkoTexas Cloverleaf
65.7%
Dolph ZigglerSleeper Hold
62.2%
'Rowdy' Roddy PiperSleeper Hold
62.2%
Chris BenoitCrippler Crossface
55.2%
SheamusCloverleaf
54.5%
Samoa JoeCoquina Clutch
53.1%
Jack SwaggerPatriot Lock
53.1%
The Great KhaliKhali Vice Grip
46.9%
Ted DiBiaseMillion Dollar Dream
44.8%
Bob BacklundCrossface Chickenwing
44.1%
Darren YoungCrossface Chickenwing
44.1%
William RegalRegal Stretch
32.2%
Sami ZaynKoji Clutch
21.7%
Braun StrowmanLift Triangle Choke
17.5%
EdgeEdgeucator
9.1%

You're not logged in!

Compare scores with friends on all Sporcle quizzes.
OR
Log In

Sporcle TV

Today on Sporcle TV


Watch our educational content, quiz creation guides, and fun videos on Sporcle TV.

Show Comments

Extras

Created Sep 14, 2017ReportNominate
Tags:WWE Quiz, finisher, submission

Top Quizzes Today


Score Distribution

Your Account Isn't Verified!

In order to create a playlist on Sporcle, you need to verify the email address you used during registration. Go to your Sporcle Settings to finish the process.

Report this User

Report this user for behavior that violates our Community Guidelines.

Details: